000 00794nam a22002057a 4500
999 _c18164
_d18164
003 AR-CdUCM
008 190513b ||||| |||| 00| 0 spa d
040 _aMUNICIPALIDAD PROVINCIAL DEL CUSCO
_cBIBLIOTECA MUNICIPAL DEL CUSCO
082 _a378.55 /
_bC87
100 _aCraecker, Raymond de
_938597
245 _aLos niñosintelectualmente superdotados /
260 _aBuenos Aires :
_bKapelusz,
_c1958.
300 _a136 paginas ;
_c21 cm.
505 _aContenido: La epoca precientifica -- La investigación cientifica -- Las realizaciones -- La politica del nacionalismo respecto a los superdotados -- Ensayo de actualización...
650 _aNiños
_99390
650 _aSuperdotados
_938598
700 _aCarmona Zinny, Lola
_938599
942 _2ddc
_cLIBROS
945 _apjha
_d2019-05-13